Terminus des lignes - GRAND REIMS mobilités - Statistiques

Statistiques générales
  • Ce quiz a été pris 39 fois
  • Le résultat moyen est 18 sur 57
Statistiques - réponses
Ligne Terminus % Correct
T1 Neufchâtel
92%
T2 Neufchâtel
92%
T1 Hôpital Debré
80%
U7 Hôpital Debré
80%
U6 Gare Centre
72%
U9 Gare Centre
72%
C Gare Centre
72%
T2 Gare Champagne TGV
72%
U21 Gare Champagne TGV
72%
R Gare Champagne TGV
72%
O1 Moulin de la Housse
64%
U1 C.C. Cernay
60%
U3 C.C. Cernay
60%
O1 Danemark
60%
U8 Champéa / Croix Blanche
52%
U9 C.C. Cormontreuil
44%
U21 C.C. Cormontreuil
44%
U4 Orgeval
44%
U2 C.C. Champfleury
40%
U6 Croix-Blandin
40%
U1 P+R Thillois
40%
U8 La Couturelle
36%
U20 Gare Clairmarais
32%
E1 Gare Clairmarais
32%
E6 Gare Clairmarais
32%
E7 Gare Clairmarais
32%
U3 Maurencienne
32%
U5 Parc des Expositions
32%
U7 Boutréaux
28%
E4 Bétheniville
20%
E1 Cormicy
16%
U5 Croix du Sud
16%
U2 Route Witry
16%
U22 Royale
16%
U23 Royale
16%
E2 Saint Symphorien
16%
E3 Saint Symphorien
16%
E4 Saint Symphorien
16%
U4 Blanc Monts
12%
U20 Faculté des Sciences
12%
U22 La Neuvillette Mairie
8%
E5 Cathédrale
4%
R Faux de Verzy
4%
E7 Fismes Centre
4%
U24 Renault
4%
U24 Saint-Brice Mairie
4%
E6 Ville-en-Tardenois
4%
U25 Z.I. Pompelle
4%
U25 Clovis
0%
S2 Collège Coubertin
0%
S1 Collège Trois Fontaines
0%
S2 Méliès
0%
U23 Odile Madelin
0%
S1 Saint-Brice Gare
0%
E2 Saint-Etienne-sur-Suippe
0%
E5 Val-de-Vesle
0%
E3 Warmerville
0%
Aucun quiz correspondant
Distribution des résultats
% des personnes avec chaque résultat
Percentile par nombre de réponses
Votre historique - résultats
Vous n’avez pas pris ce quiz